|
|
|
|
| LEADER |
00000nam0a2200000 4500 |
| 001 |
683640 |
| 005 |
20251208125444.0 |
| 090 |
|
|
|a 683640
|
| 100 |
|
|
|a 20251208d1978 k||y0rusy50 ca
|
| 101 |
1 |
|
|a rus
|c eng
|
| 102 |
|
|
|a RU
|
| 105 |
|
|
|a a z 101|y
|
| 181 |
|
0 |
|a i
|b e
|
| 182 |
|
0 |
|a n
|
| 183 |
|
0 |
|a nc
|2 RDAcarrier
|
| 200 |
1 |
|
|a Гидрометаллургия
|e пер. с англ.
|e доклады Второго международного симпозиума, Чикаго (США), 25.02 -1.03 1973
|
| 203 |
|
|
|a Текст
|b визуальный
|c непосредственный
|
| 210 |
|
|
|a Москва
|c Металлургия
|d 1978
|
| 215 |
|
|
|a 464 с.
|c ил.
|
| 283 |
|
|
|a volume
|2 RDAcarrier
|
| 320 |
|
|
|a Список литературы в конце статей
|
| 320 |
|
|
|a Предметный указатель: с.462
|
| 606 |
|
|
|a Гидрометаллургия
|9 46990
|
| 610 |
1 |
|
|a гидрометаллургические процессы
|
| 610 |
1 |
|
|a физическая химия
|
| 610 |
1 |
|
|a руды
|
| 610 |
1 |
|
|a концентраты
|
| 610 |
1 |
|
|a выщелачивание
|
| 610 |
1 |
|
|a атмосферное давление
|
| 610 |
1 |
|
|a автоклавы
|
| 610 |
1 |
|
|a металлы
|
| 610 |
1 |
|
|a выделение из растворов
|
| 610 |
1 |
|
|a химические методы
|
| 610 |
1 |
|
|a физические методы
|
| 610 |
1 |
|
|a симпозиумы
|
| 675 |
|
|
|a 669.2.053.4
|v 4
|
| 712 |
1 |
2 |
|4 570
|a Гидрометаллургия
|c симпозиум
|d 2
|e Чикаго
|f 1973
|
| 801 |
|
0 |
|a RU
|b 63413507
|c 20251208
|
| 830 |
|
|
|a Ретро2025Каталогизация Шило
|
| 850 |
|
|
|a 63413507
|
| 942 |
|
|
|c BK
|